Operations & Quality management

Saved in:
Bibliographic Details
Corporate Author: A Member of the Hodder Headline Group
Format: Book
Published: London Hodder & Stoughton 2005
Tags: Add Tag
No Tags, Be the first to tag this record!
Call Number :HD 31 Q1 2005

MARC

LEADER 00000pam a2200000 4500
001 23502
003 MY-KLNDU
005 20241218081235.0
020 0 0 |a 0340742917 
035 |a 0000028020 
039 9 |y 200910091730  |z VLOAD 
090 0 0 |a HD 31  |b Q1 2005 
245 1 0 |a Operations & Quality management  |c A Member of the Hodder Headline Group 
260 0 0 |a London  |b Hodder & Stoughton  |c 2005 
300 |a vi,153p.  |b ill.  |c 23cm 
710 1 1 |a A Member of the Hodder Headline Group 
999 |a vtls000033556  |c 23502  |d 23502